000 00316nam a22001457a 4500
020 _a978-83-264-675-94
082 _a894.812.3
_bNIS/N
100 _aNISHANTH, DEEPA
245 _aNANAJUTHEERTHA MAZHAKAL
260 _aKOTTAYAM
_bDC BOOKS
_c2016
300 _a184
520 _aNOVEL
650 _aNOVEL
942 _cBK
999 _c5029
_d5029